000
00317nam a22001337a 4500
020
_a
0-471-52317-8
082
_a
658.155 GRA'P
100
_a
GRANT, E.L, IRESON, W. G
_9
67553
245
_a
PRINCIPLES OF ENGINEERING ECONOMY
250
_a
8TH
260
_a
NEWYORK
_b
JOHN WILEY
_c
1990
300
_a
591P
942
_c
BK
999
_c
575302
_d
575302